000 00324nam a22001457a 4500
008 180814b xxu||||| |||| 00| 0 eng d
020 _a9780262731621
041 _aeng
080 _a159.9
082 _a159.9
100 _a49
101 _aPSI
245 _aThe illusion of conscious will
_cWegner.D.M
942 _2udc
_cBK
999 _c47079
_d47079